000 00504nam a2200157 4500
008 180117b xxu||||| |||| 00| 0 eng d
020 _a0-393-95469-2.
082 _21986
_aDC 820.8
_bN82
245 _aThe norton anthology of English literature, volume 1/
_cEdited by M. H. Abrams.
250 _aFIFTH EDITION
260 _aNew York:
_bW. W. Norton & Company,
_c©1986.
300 _axxxxviii, 2,616 pages;
_c22 cm.
500 _aIncludes index.
650 0 _925644
_aEnglish literature.
942 _2ddc
_cDC
999 _c8293
_d8293